LEADER 01305nam a2200277 a 4500 001 000000120663 003 CaOOAMICUS 005 20100310154859.0 008 100310t2000 enk u000 u eng r 020 $a0-312-23363-9 040 $aPUL$bita$dReb 245 00$aManaging knowledge :$bcritical investigations of work and learning /$cEdited by Craig Prichard, Richard Hull, Mike Chumer and Hugh Willmott. 260 $aHoundmills :$bPalgrave Macmillan,$c©2000. 300 $axxx, 255 p. :$bgraf. ;$c23 cm 504 $aInclude riferimenti bibliografici ed indice. 650 4$aManagement.$0(OLS)http://pul/subject/25573 700 1 $aChumer, Mike.$0(OLS)http://pul/name/75493 700 1 $aWillmott, Hugh.$0(OLS)http://pul/name/75494 700 1 $aHull, Richard.$0(OLS)http://pul/name/75492 700 1 $aPrichard, Craig.$0(OLS)http://pul/name/75491 850 $aPUL 852 $aPUL$W1$xSL Cons. Gen., Altre Classi 3$y75$m658. 4 PRICR 1$j138288$qDDC 21$B137516$CPULBib$Z2$F137516 $H111572 $82 941 1 $a9 996 $6020$a0-312-23363-9$9(OLS)http://pul/number/143556 996 $6245$aManaging knowledge :$bcritical investigations of work and learning$9(OLS)http://pul/title/151729 996 $6260$aHoundmills :$bPalgrave Macmillan$9(OLS)http://pul/publisher/75862 LEADER 01179naa a2200217 u 4500 001 000000103694 003 CaOOAMICUS 005 20070226130217.0 008 061121s1964 be u000 u fre u 035 $a11107705 040 $aIAR$bita 100 1 $aPelzer, Auguste,$csac.,$d1876-1958.$0(OLS)http://pul/name/4848 245 10$aLivres de philosophie et de théologie de l'abbaye de Ter Doest, à l'usage du maître cistercien Jean Sindewint de 1311 à 1319 /$cAuguste Pelzer (+) 260 $aLouvain :$bPublications universitaires ;$aParis :$bBéatrice Nauwelaerts,$c1964. 300 $ap. 70-96 ;$c25 cm 500 $aIAR: CCI.684 773 0 $aÉtudes d'histoire littéraire sul la scolastique médiévale. 773 0 $aPelzer, Auguste.$tÉtudes d'histoire littéraire sur la scolastique médiévale : Recueil d'articles$g8$w()23414 996 $6245$aLivres de philosophie et de théologie de l'abbaye de Ter Doest, à l'usage du maître cistercien Jean Sindewint de 1311 à 1319$9(OLS)http://pul/title/130598 996 $6260$aLouvain :$bPublications universitaires$9(OLS)http://pul/publisher/49936 996 $6260$aParis :$bBéatrice Nauwelaerts$9(OLS)http://pul/publisher/58014